000 00273 a2200109 4500
000 nam a22 7a 4500
020 _a9781032600130
100 _aElangovan, Uthayan
_999
245 _aIndustry 5.0:The future of the Industrial economy
260 _bCRC
_c2022
264 _bCRC
999 _c35985
_d35985